Notturno stellato /

Saved in:
Bibliografiske detaljer
Hovedforfatter: Marano, Valentina (Author)
Format: Bog
Sprog:italiensk
Udgivet: Roma : Edizioni Libreria Croce, stampa 1999
Serier:Stil Novo
Tags: Tilføj Tag
Ingen Tags, Vær først til at tagge denne postø!

MARC

LEADER 00000nam a22000007i 4500
001 IT\ICCU\RAV\0690559
003 ItRI
005 20240227185221.0
008 000918s1999 it |||||| ||||| |||||c
040 |b ita  |c GP 
041 7 |a ita  |2 ISO-639-2 
100 1 |a Marano, Valentina  |0 IT\ICCU\RAVV\230310  |4 aut 
245 1 0 |a Notturno stellato /  |c Valentina Marano. 
260 |a Roma :  |b Edizioni Libreria Croce,  |c stampa 1999 
300 |a 59 p. ;  |c 21 cm. 
830 0 |a Stil Novo  |0 IT\ICCU\RAV\0690567 
942 |2 ddc  |c BK 
952 |0 0  |1 0  |2 ddc  |4 0  |6 853_920000000000000_MAR  |7 1  |9 787  |a RM  |b RM  |d 2024-02-27  |l 0  |o 853.92 MAR  |p 326  |r 2024-02-27 18:52:48  |w 2024-02-27  |y BK 
981 1 |6 z01  |a i   |b xxxe  
982 1 |6 z01  |a n 
999 |c 739  |d 739